Countries Bordering 'I' Countries - Statistics

General Stats
  • This quiz has been taken 554 times
  • The average score is 24 of 29
Answer Stats
Country % Correct
Pakistan
96%
Afghanistan
91%
China
90%
Jordan
90%
Nepal
90%
Bangladesh
89%
Syria
89%
Switzerland
88%
France
87%
United Kingdom
87%
Austria
86%
Bhutan
86%
Iraq
85%
Iran
84%
Saudi Arabia
84%
Turkey
84%
Lebanon
83%
Malaysia
83%
Vatican City
83%
San Marino
82%
Slovenia
82%
Armenia
81%
Azerbaijan
81%
Burma
79%
Kuwait
79%
Turkmenistan
77%
East Timor
76%
Egypt
75%
Papua New Guinea
71%
No matching quizzes found
Score Distribution
Percent of People with Each Score
Percentile by Number Answered
Your Score History
You have not taken this quiz